[Event "AUTO-OPEN-473"]
[Site "http://www.queenalice.com/game.php?id=138772"]
[Date "2006.12.8"]
[Round "1"]
[White "CampbellMarcel"]
[Black "meupombo"]
[Result "0-1"]
[WhiteElo "1906"]
[BlackElo "1859"]

1. e4 e5 2. Nf3 Nf6 3. Bc4 Nxe4 4. Nxe5 d5 5. Qf3 Be6 6. Bb5+ c6 7. Bd3 Qg5 8.
Nxf7 Bxf7 9. Bxe4 dxe4 10. Qxe4+ Be7 11. O-O Bd5 12. Qxe7+ Qxe7 13. Nc3 O-O 14.
d3 Nd7 15. Be3 Qb4 16. Rab1 Qg4 17. g3 Bf3 18. Ne4 Qh3 0-1

[Event "AUTO-OPEN-473"]
[Site "http://www.queenalice.com/game.php?id=138773"]
[Date "2006.12.8"]
[Round "1"]
[White "meupombo"]
[Black "CampbellMarcel"]
[Result "1-0"]
[WhiteElo "1971"]
[BlackElo "400"]

1. e4 e5 2. Nf3 d6 3. d4 Bg4 4. dxe5 Bxf3 5. Qxf3 dxe5 6. Bc4 Nf6 7. Qb3 Qe7 8.
Bxf7+ Qxf7 9. Qxb7 Bc5 10. f3 Qc4 11. Qxa8 O-O 12. Qb7 Qxc2 13. Qb3+ Qxb3 14.
axb3 Bb4+ 15. Bd2 a5 16. Bxb4 axb4 17. O-O Rd8 18. Rc1 c6 19. Rc4 Rd1+ 20. Kf2
1-0

[Event "AUTO-OPEN-473"]
[Site "http://www.queenalice.com/game.php?id=138786"]
[Date "2006.12.8"]
[Round "1"]
[White "meupombo"]
[Black "Kisei"]
[Result "1-0"]
[WhiteElo "1987"]
[BlackElo "1977"]

1. e4 e5 2. c3 Nf6 3. Nf3 Nxe4 4. d3 Nf6 5. Nxe5 Qe7 6. Qe2 d6 7. Nc4 Nc6 8. Bg5
Qxe2+ 9. Bxe2 Be7 10. O-O O-O 11. Ne3 Be6 12. d4 d5 13. Bd3 Ne4 14. Bxe4 Bxg5
15. Bxd5 Bxd5 16. Nxd5 Rac8 17. f4 Be7 18. Nd2 Rfd8 19. Nxe7+ Nxe7 20. Rae1 Re8
21. Re4 Nd5 22. Re5 Rxe5 23. fxe5 Ne3 24. Rf3 Nd5 25. c4 Nb6 26. Kf2 Rd8 27. d5
Kf8 28. e6 f6 29. Rg3 c6 30. e7+ Kxe7 31. Rxg7+ Kd6 32. Rxb7 1-0

[Event "AUTO-OPEN-473"]
[Site "http://www.queenalice.com/game.php?id=138787"]
[Date "2006.12.8"]
[Round "1"]
[White "Kisei"]
[Black "meupombo"]
[Result "0-1"]
[WhiteElo "1794"]
[BlackElo "1774"]

1. e4 e5 2. Nf3 Nf6 3. Nxe5 Qe7 4. d4 d6 5. Nf3 Qxe4+ 6. Be2 Bf5 7. c4 Be7 8.
Nc3 Qc2 9. Qxc2 Bxc2 10. O-O O-O 11. Bd1 Bd3 12. Re1 Re8 13. Bg5 Bxc4 14. Bxf6
gxf6 15. b3 Be6 16. d5 Bd7 17. Bc2 Na6 18. Nh4 Nb4 19. Re2 f5 20. Bxf5 Bf6 21.
Rxe8+ Bxe8 0-1

[Event "Challenge"]
[Site "http://www.queenalice.com/game.php?id=145622"]
[Date "2006.12.24"]
[Round "-"]
[White "guermantes"]
[Black "meupombo"]
[Result "0-1"]
[WhiteElo "1588"]
[BlackElo "1941"]

1. Nf3 Nf6 2. d4 d5 3. e3 Bg4 4. Bd3 Nbd7 5. Nbd2 e5 6. dxe5 Nxe5 7. O-O Nxd3 8.
cxd3 c6 9. b3 Bd6 10. h3 Bh5 11. Re1 Bb4 12. e4 dxe4 13. Nxe4 Bxe1 14. Qxe1 O-O
15. Bb2 Bxf3 16. Nxf6+ gxf6 17. gxf3 Qxd3 18. Qc3 Qxc3 19. Bxc3 Rfd8 20. Bxf6
Rd2 21. Kh1 Kf8 22. Rg1 Re8 23. Bg7+ Ke7 24. Re1+ Kd7 0-1

[Event "Challenge"]
[Site "http://www.queenalice.com/game.php?id=146288"]
[Date "2006.12.25"]
[Round "-"]
[White "Admilton"]
[Black "meupombo"]
[Result "0-1"]
[WhiteElo "1392"]
[BlackElo "1834"]

1. d4 Nf6 2. Nc3 d5 3. Nf3 Bf5 4. e3 e6 5. Qe2 c6 6. Na4 Qa5+ 7. c3 Qxa4 8. b3
Qa5 9. b4 Qc7 10. Ne5 Nbd7 11. Nf3 Bd6 12. g3 a5 13. a3 axb4 14. Qb2 bxa3 15.
Qb3 Qb6 16. Qxb6 Nxb6 17. Be2 a2 18. O-O O-O 19. Bd2 Ne4 20. Rfd1 c5 21. Rdc1
Nxd2 22. Nxd2 cxd4 23. cxd4 Ba3 24. Rc7 Bb2 25. Nb3 Bxa1 26. Nxa1 Rfc8 27. Rxb7
Rc1+ 28. Bf1 Bh3 0-1

[Event "Only players with personal info "]
[Site "http://www.queenalice.com/game.php?id=150895"]
[Date "2007.1.7"]
[Round "-"]
[White "meupombo"]
[Black "argelo"]
[Result "0-1"]
[WhiteElo "1991"]
[BlackElo "1764"]

1. e4 c5 2. Nc3 Nc6 3. Nf3 e5 4. Bb5 d6 5. O-O Nf6 6. d3 Be7 7. Bg5 O-O 8. h3
Bd7 9. Bc4 Na5 10. Bxf6 Bxf6 11. Bd5 Qe7 12. a4 Be6 13. Bxe6 Qxe6 14. Nd5 Rac8
15. Rb1 Nc6 16. c3 Ne7 17. Nxf6+ Qxf6 18. Qb3 b6 19. Ra1 Nc6 20. Rfe1 Rfe8 21.
Re3 Re6 22. Nh2 Qe7 23. Rg3 g6 24. Nf3 h6 25. Qd5 Rf6 26. Nh2 h5 27. Nf1 Qe6 28.
Ne3 Kh7 29. Qxe6 fxe6 30. f3 Rg8 31. Kf1 Ne7 0-1

[Event "Challenge"]
[Site "http://www.queenalice.com/game.php?id=150907"]
[Date "2007.1.6"]
[Round "-"]
[White "leafar"]
[Black "meupombo"]
[Result "0-1"]
[WhiteElo "1646"]
[BlackElo "2011"]

1. e4 e5 2. d3 Nc6 3. Nf3 Nf6 4. Be2 d5 5. exd5 Nxd5 6. O-O Bf5 7. Nc3 Nxc3 8.
bxc3 Be7 9. d4 e4 10. Ne5 Nxe5 11. dxe5 O-O 12. Qxd8 Raxd8 13. Bf4 Be6 14. f3
exf3 15. Bxf3 Bc5+ 16. Kh1 c6 17. Rab1 Rd7 18. h3 Bxa2 19. Rbd1 Rfd8 20. Rxd7
Rxd7 21. Bg4 Re7 22. Re1 h6 23. e6 Bxe6 24. Bxe6 Rxe6 25. Rxe6 fxe6 26. Bb8 a5
27. g4 a4 0-1

[Event "Let's Play Chess!"]
[Site "http://www.queenalice.com/game.php?id=150947"]
[Date "2007.1.7"]
[Round "-"]
[White "meupombo"]
[Black "NooBzIn"]
[Result "1-0"]
[WhiteElo "2004"]
[BlackElo "1251"]

1. e4 c6 2. d4 d5 3. e5 Bf5 4. Nf3 e6 5. Be2 c5 6. O-O Nc6 7. Bb5 Qb6 8. Nc3 a6
9. Bxc6+ bxc6 10. Na4 Qa5 11. c4 cxd4 12. Nxd4 Ne7 13. Bg5 Ng6 14. Nxc6 Qc7 15.
Nd4 Be7 16. Bxe7 Nxe7 17. cxd5 Qxe5 18. Nb6 Rd8 19. Qa4+ 1-0

[Event "AUTO-MASTER-256"]
[Site "http://www.queenalice.com/game.php?id=157532"]
[Date "2007.1.22"]
[Round "1"]
[White "claudiopsi"]
[Black "meupombo"]
[Result "1-0"]
[WhiteElo "2127"]
[BlackElo "2013"]

1. e4 e5 2. Nf3 Nf6 3. d4 Nxe4 4. Bd3 d5 5. Nxe5 Bd6 6. O-O O-O 7. c4 Nf6 8. Nc3
dxc4 9. Bxc4 Nbd7 10. Re1 Nb6 11. Bd3 Be6 12. Bg5 h6 13. Bxf6 Qxf6 14. Ne4 Qh4
15. Nf3 Qf4 16. b3 Bb4 17. Re2 Bg4 18. a3 1-0

[Event "AUTO-MASTER-256"]
[Site "http://www.queenalice.com/game.php?id=157533"]
[Date "2007.1.22"]
[Round "1"]
[White "meupombo"]
[Black "claudiopsi"]
[Result "0-1"]
[WhiteElo "2002"]
[BlackElo "2136"]

1. e4 c5 2. Nc3 d6 3. Bc4 e6 4. Nf3 Nf6 5. O-O Be7 6. d4 cxd4 7. Qxd4 O-O 8. Be3
Nc6 9. Qd2 a6 10. Rad1 b5 11. Bd3 Qc7 12. a4 b4 13. Ne2 e5 14. Ng3 Ng4 15. Be2
Nxe3 16. Qxe3 a5 17. c4 Be6 18. b3 h6 19. Rd2 Nd8 0-1

[Event "AUTO-MASTER-256"]
[Site "http://www.queenalice.com/game.php?id=157546"]
[Date "2007.1.22"]
[Round "1"]
[White "carloswecker"]
[Black "meupombo"]
[Result "0-1"]
[WhiteElo "1907"]
[BlackElo "1971"]

1. d4 Nf6 2. c4 c6 3. Nf3 d5 4. Nc3 dxc4 5. a4 Bg4 6. Ne5 Bh5 7. Nxc4 Nbd7 8.
Qb3 Qc7 9. e3 e6 10. Bd3 Bg6 11. Bxg6 hxg6 12. Ne2 c5 13. O-O Qxh2# 0-1

[Event "AUTO-MASTER-256"]
[Site "http://www.queenalice.com/game.php?id=157547"]
[Date "2007.1.22"]
[Round "1"]
[White "meupombo"]
[Black "carloswecker"]
[Result "0-1"]
[WhiteElo "1966"]
[BlackElo "1803"]

1. e4 c5 2. Nc3 Nc6 3. Bc4 e6 4. Nf3 a6 5. d3 b5 6. Bb3 Bb7 7. O-O Be7 8. Bf4
Nf6 9. e5 Ng8 10. Ne4 a5 11. a4 b4 12. Re1 Rc8 13. c3 h5 14. Rc1 Nh6 15. Bg5
Bxg5 16. Nd6+ Kf8 17. Nxb7 Qc7 18. Nxg5 Qxb7 19. Ne4 Nf5 20. Nxc5 Qa7 21. d4 g6
22. Bc2 Nfe7 23. Qf3 h4 24. Qf6 Rh5 25. Bd3 Nd5 26. Qf3 Kg7 27. Nb3 Rch8 0-1

[Event "Challenge"]
[Site "http://www.queenalice.com/game.php?id=170960"]
[Date "2007.2.19"]
[Round "-"]
[White "luizpessoa"]
[Black "meupombo"]
[Result "1-0"]
[WhiteElo "1645"]
[BlackElo "1943"]

1. c4 e5 2. Nc3 Nc6 3. Nf3 Nf6 4. d3 Bc5 5. a3 d6 6. e4 Ng4 7. Be3 Nxe3 8. fxe3
Bxe3 9. Qe2 Bb6 10. b4 Bg4 11. h3 Nd4 12. Qb2 Bxf3 13. gxf3 Nxf3+ 14. Kd1 1-0

[Event "Challenge"]
[Site "http://www.queenalice.com/game.php?id=170961"]
[Date "2007.2.19"]
[Round "-"]
[White "meupombo"]
[Black "luizpessoa"]
[Result "0-1"]
[WhiteElo "1915"]
[BlackElo "1673"]

1. e4 c5 2. Nc3 a6 3. Be2 Nc6 4. Nf3 e5 5. d3 d6 6. O-O Bg4 7. Be3 h6 8. Nd2
Bxe2 9. Qxe2 Nf6 10. f4 Nd4 11. Bxd4 cxd4 12. Nd5 Nxd5 13. exd5 f6 14. Qh5+ Kd7
0-1

[Event "Challenge"]
[Site "http://www.queenalice.com/game.php?id=174037"]
[Date "2007.2.25"]
[Round "-"]
[White "meupombo"]
[Black "moonspell"]
[Result "0-1"]
[WhiteElo "1850"]
[BlackElo "1982"]

1. e4 c5 2. Nc3 Nc6 3. Bc4 Nf6 4. Nf3 e6 5. Bb3 Qc7 6. O-O Be7 7. d3 O-O 8. Bd2
Rd8 9. Qc1 d5 10. Bf4 e5 11. exd5 exf4 0-1

[Event "Challenge"]
[Site "http://www.queenalice.com/game.php?id=174038"]
[Date "2007.2.25"]
[Round "-"]
[White "meupombo"]
[Black "moonspell"]
[Result "0-1"]
[WhiteElo "1862"]
[BlackElo "1970"]

1. e4 c5 2. Nc3 Nc6 3. Bc4 Nf6 4. Nf3 e6 5. Bb3 Qc7 6. O-O Be7 7. d3 O-O 8. Bg5
h6 9. Bh4 d6 10. Nb5 Qb6 11. e5 Nxe5 0-1